Plan 4c: (Registro nro. 17472)

Detalles MARC
000 -CABECERA
Campo de control 01321nam a22002777a 4500
005 - FECHA Y HORA DE LA ULTIMA TRANSACCION
Campo de control 20150902020002.0
008 - ELEMENTOS DE LONGITUD FIJA—INFORMACION GENERAL
Campo de control 150624b2014 ck ||||| |||| 00| 0 spa d
020 ## - ISBN
ISBN 9789588448602
040 ## - FUENTE DE CATALOGACIÓN
Agencia catalogadora original CO-BoIAVH
Agencia transcriptora CO-BoIAVH
041 0# - IDIOMA
Código de idioma para texto/pista de sonido o título separado Español
044 ## - PAÍS DE PUBLICACIÓN
País de publicación Colombia
082 #4 - NUMERO DE CLASIFICACION DECIMAL DEWEY
Número de clasificación 371.2
Número del ítem A34p
110 1# - ASIENTO PRINCIPAL--NOMBRE CORPORATIVO
Nombre corporativo o de jurisdicción como elemento de entrada Alcaldía de Catagena
245 1# - MENCION DE TITULO
Título Plan 4c:
Parte restante del título Cartagena de Indias Competitiva y Compatible con el Clima/
Mención de responsabilidad Alcaldía de Catagena
260 ## - PUBLICACION, DISTRIBUCION, ETC. (PIE DE IMPRENTA)
Lugar de publicación, distribución, etc. Santa Marta:
Nombre del editor, distribuidor, etc. Latinbrand,
Fecha de publicación, distribución, etc. 2014.
300 ## - DESCRIPCION FISICA
Extensión 130 p.
Otros detalles físicos map., fot., tab., col.
Dimensiones 29 cm.
505 ## - NOTA DE CONTENIDO
Nota de contenido Cap. 1 Cartagena en contexto.<br/>Cap. 2 Cartagena de Indias y el clima del futuro.<br/>Cap. 3 Estrategias y medidas para un desarrollo compatible con el clima.<br/>Cap. 4 Financiamiento del plan.<br/>Cap. 5 Implementación del plan.<br/>Cap. 6 Seguimiento y evaluación.<br/>Cap. 7 La Cartagena resiliente y competitiva que soñamos. <br/>
650 #4 - ASIENTO SECUNDARIO DE MATERIA - TERMINO TEMATICO
Término temático o nombre geográfico como elemento de entrada Cambio climático
Subdivisión geográfica Cartagena
650 #4 - ASIENTO SECUNDARIO DE MATERIA - TERMINO TEMATICO
Término temático o nombre geográfico como elemento de entrada Adaptación al cambio climático
Subdivisión general Guía
Subdivisión geográfica ,Cartagena
650 #4 - ASIENTO SECUNDARIO DE MATERIA - TERMINO TEMATICO
Término temático o nombre geográfico como elemento de entrada Cambio climático
Subdivisión de forma Mitigación
Subdivisión geográfica ,Cartagena
700 1# - ASIENTO SECUNDARIO - NOMBRE PERSONAL
Nombre personal Zamora-Bornachera, Anny Paola
Término de relación Edición
700 1# - ASIENTO SECUNDARIO - NOMBRE PERSONAL
Nombre personal López-Rodriguez, Angela
Término de relación Edición
700 1# - ASIENTO SECUNDARIO - NOMBRE PERSONAL
Nombre personal Trujillo Gedeón, Verónica
Término de relación Edición
700 1# - ASIENTO SECUNDARIO - NOMBRE PERSONAL
Nombre personal Martínez Zuleta, Claudia
Término de relación Edición
942 ## - ELEMENTOS ADICIONALES (KOHA)
Sistema de clasificación Dewey Decimal Classification
Tipo de ítem Libro
Koha issues (borrowed), all copies 1
Existencias
Withdrawn status Lost status Sistema de Clasificación Damaged status No para préstamo Colección Inventariado Ubicación Permanente Ubicación actual Fecha de adquisición Fuente de Valor Valor Total Checkouts Número topográfico Inventario / Código de Barras Date last seen Date checked out Ejemplar Price effective from Forma de adquisición Tipo de material
    Dewey Decimal Classification     General Inventariado 2017 Bogotá Bogotá 24/06/2015 Instituto 39000.00 1 LB-371.2 A34p 039090 01/09/2015 01/09/2015 Ej. 1 24/06/2015   Libro
    Dewey Decimal Classification     General   Bogotá Bogotá 30/12/2019       LB-371.2 A34p 043960 30/12/2019   Ej.2 30/12/2019 Donación Libro